Church Planing (Record no. 17843)

MARC details
000 -LEADER
fixed length control field 00566nam a2200229 a 4500
020 ## - INTERNATIONAL STANDARD BOOK NUMBER
ISBN 083619148X
082 00 - DEWEY DECIMAL CLASSIFICATION NUMBER
Classification number 254.5
Author Cutter MUR
100 ## - MAIN ENTRY--AUTHOR NAME
Author name Murray, Stuart
245 ## - TITLE STATEMENT
Title Church Planing
Sub title Laying Foundations
260 ## - PUBLICATION, DISTRIBUTION, ETC. (IMPRINT)
Place of publication Ontario
Name of publisher Herald Press
Year of publication 2001
300 ## - PHYSICAL DESCRIPTION
Number of Pages 288p
500 ## - GENERAL NOTE
General note includes index and biblioraphy
650 ## - SUBJECT ADDED ENTRY--TOPICAL TERM
Topical Term Church-Growth
942 ## - ADDED ENTRY ELEMENTS (KOHA)
Koha item type Books
700 1# -
-- Murray, Stuart
Holdings
Collection code Home library Current library Date acquired Cost, normal purchase price Full call number Accession Number Koha item type
  Henry Martyn Institute Library Henry Martyn Institute Library 09/14/2007 100.00 254.5 MUR 11001881 Books
                   Copyright © 2026 | Henry Martyn Institute | Hyderabad | TS-500052 | INDIA | Implemented by hmi.edu.in
Hit-Count:

Powered by Koha